LEADER 01679nam0 22004093i 450 001 VAN00302477 005 20260223101108.935 010 $a978-98-11-08290-0 017 70$2N$a9789811082917 100 $a20260223d2018 |0itac50 ba 101 $aeng 102 $aSG 105 $a|||| ||||| 181 $ai$b e 182 $ab 183 $acr 200 1 $aNew Age Herbals$eResource, Quality and Pharmacognosy$fBrahma Singh, K.V. Peter editors 210 $aSingapore$cSpringer$d2018 215 $aXIV, 464 p.$cill.$d24 cm 620 $aSG$dSingapore$3VANL000061 676 $a615.1$cFarmacologia. Farmaci. Farmacia$v22 676 $a615.9$cTossicologia$v22 676 $a616.9$cMicrobiologia medica. Malattie infettive$v22 676 $a616.96$cParassitologia$v22 676 $a610.28$cIngegneria biomedica. Biomateriali$v22 702 1$aPeter$bK. V.$3VANV256840 702 1$aSingh$bBrahma$3VANV227665 712 $aSpringer $3VANV108073$4650 790 1$aPeter, K.V.$zPeter, K. V.$3VANV256841 801 $aIT$bSOL$c20260227$gRICA 856 4 $uhttps://link.springer.com/openurl?genre=book&isbn=978-981-10-8291-7$zE-book - Accesso al full-text attraverso riconoscimento IP di Ateneo, proxy e/o Shibboleth 899 $aBIBLIOTECA DEL DIPARTIMENTO DI SCIENZE E TECNOLOGIE AMBIENTALI BIOLOGICHE E FARMACEUTICHE$1IT-CE0101$2VAN17 912 $fN 912 $aVAN00302477 950 $aBIBLIOTECA DEL DIPARTIMENTO DI SCIENZE E TECNOLOGIE AMBIENTALI BIOLOGICHE E FARMACEUTICHE$d17CONS e-book 2406 $e17BIB2406/106 106 20260223 996 $aNew Age Herbals$92500541 997 $aUNICAMPANIA